Aristotle's Moral Epistemoly: The Possibility of Ethical Demostration (Record no. 525023)
[ view plain ]
| 000 -CABECERA | |
|---|---|
| Campo de control de longitud fija | 00489nab a2200145Ia 4500 |
| 003 - IDENTIFICADOR DEL NÚMERO DE CONTROL | |
| Campo de control | ES-SlBCS |
| 005 - FECHA Y HORA DE LA ÚLTIMA TRANSACCIÓN | |
| Campo de control | 20210601125122.0 |
| 008 - CÓDIGOS DE INFORMACIÓN DE LONGITUD FIJA | |
| Campo de control de longitud fija | 140529s1982 xxu||||| |||| 00| 0 eng d |
| 041 ## - CÓDIGO DE LENGUA | |
| Código de lengua del texto/banda sonora o título independiente | eng |
| 100 1# - PUNTO DE ACCESO PRINCIPAL-NOMBRE DE PERSONA | |
| Nombre de persona | Upton, Thomas V. |
| 9 (RLIN) | 47274 |
| 245 00 - MENCIÓN DE TÍTULO | |
| Título | Aristotle's Moral Epistemoly: The Possibility of Ethical Demostration |
| Mención de responsabilidad, etc. | Thomas V. Upton |
| 600 04 - PUNTO DE ACCESO ADICIONAL DE MATERIA-NOMBRE DE PERSONA | |
| Nombre personal | Aristóteles-Epistemología Moral |
| 9 (RLIN) | 154220 |
| 773 0# - ENLACE AL DOCUMENTO FUENTE | |
| Título | New Scholasticism (The) |
| Parte(s) relacionada(s) | vol. 56, nº. 2, 1982, págs. 169-184 |
| Número de control del registro relacionado | Rev1674 |
| 942 ## - ENTRADA DE ELEMENTOS AGREGADOS (KOHA) | |
| Koha [por defecto] tipo de item | Artículos de revista |
| Suprimido | Perdido | Estropeado | No para préstamo | Localización permanente | Localización actual | Localización en estantería | Fecha adquisición | Préstamos totales | Fecha última consulta | Fecha del precio de reemplazo | Tipo de item de Koha |
|---|---|---|---|---|---|---|---|---|---|---|---|
| San Esteban | San Esteban | Depósito de revistas | 11/07/2014 | 11/07/2014 | 11/07/2014 | Artículos de revista |
